000 00805cam a2200289 4500
001 J3511
008 090401t1999 xxu||||| |||| 00| 0 eng d
035 _a(Sirsi) u55521
041 _aeng
050 _a333.33016
110 _aInvestment Property Databank
_92288
245 _aIPD monthly index. - January 1996 - December 1999
260 _aLondon
_bInvestment Property Databank
_c1996-1999
300 _a1 vol. ; 30cm.
350 _a0
520 _a1 bound volume.
650 _aINDICES
650 _aINDUSTRIAL PROPERTY
650 _aOFFICES
650 _aPROPERTY INDEXES
650 _aPROPERTY INVESTMENT
650 _aRETAIL PROPERTY
650 _aSHOPS
690 _aPROPERTY-COMMERCIAL PROPERTY-COMMERCIAL PROPERTY FINANCE AND INVESTMENT
942 _n0
948 _c04/03/1997
999 _c93621
_d93621